| 000 | 00563nam a2200193Ia 4500 | ||
|---|---|---|---|
| 003 | LDD | ||
| 008 | 181029s9999 xx 000 0 und d | ||
| 020 |
_a8180301265 _c600.00 |
||
| 040 | _cLDD | ||
| 100 | _aReddy, Chandrasekhara | ||
| 245 | 0 |
_aAdvanced coordination chemistry _cChandrasekhara Reddy |
|
| 260 |
_aNew Delhi _bCampus Books _c2009 |
||
| 300 | _av, 195p. | ||
| 365 | _b600.00 | ||
| 901 |
_a6055 _b25-08-2010 |
||
| 902 |
_aSBS/134/D/2010 _b31-08-2010 _cF _dSBS _e54 |
||
| 903 |
_aDiscount-15 _bReqst by : Geeta kaicker |
||
| 942 |
_2ddc _cBK |
||
| 999 |
_c90727 _d90727 |
||